000 00677nam a2200193Ia 4500
003 LDD
008 190117s9999 xx 000 0 und d
020 _a8170555507
_c₹225
040 _cLDD
041 _ahi
082 _a8h3.7 या4668उ
100 _aयादव, राजेन्द्र
245 0 _aउपन्यास स्वरूप और संवेदना
_cराजेन्द्र यादव
260 _aइलाहाबाद
_bलोकभारती
_c1996
300 _a266
901 _aVANI
904 _aReqst by : विमल खांडेकर
942 _2ddc
_cH
999 _c167738
_d167738